Benchmarking
Benchmarking - metóda zdokonaľovania. Klasifikácia benchmarkingu. Proces benchmarkingu. Ako sa vyhnúť chybám pri benchmarkingu. Kroky úspešnej realizácie interného benchmarkingu. Výhody a limity benchmarkingu.
Guardado en:
| Autor principal: | |
|---|---|
| Formato: | Capítulo de libro |
| Lenguaje: | eslovaco |
| Materias: | |
| Etiquetas: |
Sin Etiquetas, Sea el primero en etiquetar este registro!
|
MARC
| LEADER | 00000nla$a2200000$$$4500 | ||
|---|---|---|---|
| 001 | 0108858 | ||
| 005 | 20240502072212.3 | ||
| 041 | 0 | |a slo | |
| 044 | |a SK | ||
| 245 | 1 | 0 | |a Benchmarking |c Nora Dudáková |
| 520 | |a Benchmarking - metóda zdokonaľovania. Klasifikácia benchmarkingu. Proces benchmarkingu. Ako sa vyhnúť chybám pri benchmarkingu. Kroky úspešnej realizácie interného benchmarkingu. Výhody a limity benchmarkingu. | ||
| 610 | 2 | 0 | |a benchmarking |
| 610 | 2 | 0 | |a procesy podnikové |
| 610 | 2 | 0 | |a výkonnosť |
| 610 | 2 | 0 | |a výkony podnikové |
| 610 | 2 | 0 | |a konkurencia |
| 610 | 2 | 0 | |a kultúra podniková |
| 610 | 2 | 0 | |a informácie |
| 610 | 2 | 0 | |a náklady |
| 610 | 2 | 0 | |a kvalita |
| 610 | 2 | 0 | |a riadenie kvality |
| 100 | 1 | |a Dudáková, Nora | |